Sports Quiz

Random Sports or Baseball Quiz

Most Career Homeruns per Team Quiz Stats

 Plays Quiz not verified by Sporcle

Challenge
Share
Tweet
Embed
Score 0/30 Timer 08:00
0 Plays Today
Team Player % Correct
BravesHank Aaron
97.9%
YankeesBabe Ruth
95.8%
Red SoxTed Williams
95.1%
DiamondbacksLuis Gonzalez
92.3%
White SoxFrank Thomas
92.3%
AstrosJeff Bagwell
91.6%
MarinersKen Griffey Jr.
90.9%
OriolesCal Ripken
90.2%
GiantsWillie Mays
90.2%
RangersJuan Gonzalez
90.2%
RoyalsGeorge Brett
89.5%
PhilliesMike Schmidt
89.5%
CardinalsStan Musial
89.5%
RockiesTodd Helton
88.1%
CubsSammy Sosa
86%
Team Player % Correct
TwinsHarmon Killebrew
86%
AthleticsMark McGwire
85.3%
PiratesWillie Stargell
82.5%
RedsJohnny Bench
80.4%
IndiansJim Thome
80.4%
BrewersRobin Yount
80.4%
TigersAl Kaline
78.3%
Blue JaysCarlos Delgado
76.9%
MetsDarryl Strawberry
76.2%
NationalsVladimir Guerrero
72.7%
RaysCarlos Pena
69.9%
AngelsTim Salmon
65.7%
DodgersDuke Snider
65.7%
MarlinsDan Uggla
55.2%
PadresNate Colbert
39.2%

You're not logged in!

Compare scores with friends on all Sporcle quizzes.
Join for Free
OR
Log In

You Might Also Like...

Show Comments

Extras

Top Quizzes Today


Score Distribution

Your Account Isn't Verified!

In order to create a playlist on Sporcle, you need to verify the email address you used during registration. Go to your Sporcle Settings to finish the process.

Report this User

Report this user for behavior that violates our Community Guidelines.

Details: